[Event "25th European Teams Women"]
[Site "Batumi GEO"]
[Date "2025.10.10"]
[Round "6.8"]
[Board "2"]
[White "Nomin-Erdene, Davaademberel"]
[Black "Blokhin, Sofia"]
[Result "1-0"]
[WhiteTitle "IM"]
[BlackTitle "WFM"]
[WhiteElo "2306"]
[BlackElo "2071"]
[WhiteTeam "Hungary"]
[BlackTeam "Estonia"]
[WhiteFideId "4900782"]
[BlackFideId "4508190"]
[EventDate "2025.10.05"]

1. e4 c5 2. Nf3 d6 3. d4 cxd4 4. Nxd4 Nf6 5. Nc3 g6 6. Be3 Bg7 7. f3 O-O 8. Qd2
Nc6 9. O-O-O d5 10. exd5 Nxd5 11. Nxc6 bxc6 12. Bd4 e5 13. Bc5 Be6 14. Ne4 Re8
15. h4 h5 16. Bc4 Qc7 17. g4 Nf4 18. Bxe6 Rxe6 19. g5 Ree8 20. Qd7 Qa5 21. Kb1
Red8 22. Qxc6 Rdc8 23. Qd6 Rab8 24. c3 Qb5 25. Rd2 Ne6 26. Bxa7 Rb7 27. Be3 Rcb8
28. Rhd1 Rd8 29. Qa3 Rxd2 30. Rxd2 Qf1+ 31. Kc2 Bf8 32. Qa8 Qb5 33. b3 Nc7 34.
Qd8 Ne6 35. Qd5 Qa6 36. Nf6+ Kh8 37. a4 Rb8 38. Qxe5 Qb7 39. Nd7+ 1-0

[Event "25th European Teams Women"]
[Site "Batumi GEO"]
[Date "2025.10.10"]
[Round "6.8"]
[Board "3"]
[White "Olde, Grete"]
[Black "Terbe, Julianna"]
[Result "1/2-1/2"]
[WhiteTitle "WCM"]
[BlackTitle "WIM"]
[WhiteElo "1972"]
[BlackElo "2206"]
[WhiteTeam "Estonia"]
[BlackTeam "Hungary"]
[WhiteFideId "4503104"]
[BlackFideId "708780"]
[EventDate "2025.10.05"]

1. e4 e5 2. Nf3 Nc6 3. Bb5 a6 4. Ba4 Nf6 5. d3 b5 6. Bb3 Bc5 7. O-O d6 8. c3 h6
9. h3 O-O 10. Re1 Bb6 11. a4 Rb8 12. Nbd2 Ne7 13. Nf1 Ng6 14. Ng3 c5 15. d4 Re8
16. axb5 axb5 17. Bc2 Qc7 18. Be3 Bb7 19. d5 c4 20. Nh2 Bxe3 21. fxe3 Nf8 22.
Rf1 N8h7 23. Nh5 Nxh5 24. Qxh5 Ra8 25. Rab1 f6 26. Bd1 Qf7 27. Qh4 Bc8 28. Bh5
g6 29. Be2 Kg7 30. Rf3 Ra2 31. Rff1 Bd7 32. Rf2 Rea8 33. b3 cxb3 34. Rxb3 R2a3
35. Rb1 Rxc3 1/2-1/2

[Event "25th European Teams Women"]
[Site "Batumi GEO"]
[Date "2025.10.10"]
[Round "6.8"]
[Board "4"]
[White "Karacsonyi, Kata"]
[Black "Tsiganova, Monika"]
[Result "1-0"]
[WhiteTitle "WFM"]
[BlackTitle "WIM"]
[WhiteElo "2195"]
[BlackElo "2057"]
[WhiteTeam "Hungary"]
[BlackTeam "Estonia"]
[WhiteFideId "769584"]
[BlackFideId "4500199"]
[EventDate "2025.10.05"]

1. e4 c5 2. Nf3 d6 3. d4 cxd4 4. Nxd4 Nf6 5. Nc3 a6 6. h3 g6 7. g4 Bg7 8. g5
Nfd7 9. Be2 Nc6 10. Be3 O-O 11. h4 Qa5 12. a3 Nxd4 13. Bxd4 Ne5 14. b4 Qd8 15.
Nd5 Be6 16. h5 Rc8 17. f4 Nc6 18. Bxg7 Kxg7 19. c3 b5 20. a4 f6 21. axb5 axb5
22. Bxb5 Bxd5 23. exd5 Nb8 24. Qd4 Nd7 25. Kd2 Nb6 26. hxg6 hxg6 27. f5 Rh8 28.
gxf6+ exf6 29. Ra7+ Rc7 30. Rxh8 Kxh8 31. Qxb6 1-0

[Event "25th European Teams Women"]
[Site "Batumi GEO"]
[Date "2025.10.10"]
[Round "6.9"]
[Board "1"]
[White "Kosteniuk, Alexandra"]
[Black "Efroimski, Marsel"]
[Result "1-0"]
[WhiteTitle "GM"]
[BlackTitle "IM"]
[WhiteElo "2469"]
[BlackElo "2380"]
[WhiteTeam "Switzerland"]
[BlackTeam "Israel"]
[WhiteFideId "4128125"]
[BlackFideId "2810964"]
[EventDate "2025.10.05"]

1. d4 Nf6 2. c4 e6 3. Nc3 Bb4 4. e3 O-O 5. Bd3 d5 6. a3 Bxc3+ 7. bxc3 dxc4 8.
Bxc4 c5 9. Bd3 Qc7 10. Bb2 Nc6 11. Nf3 e5 12. dxe5 Nxe5 13. Nxe5 Qxe5 14. Qb3
Bf5 15. c4 Qe6 16. Bxf5 Qxf5 17. O-O b6 18. Rad1 Rfd8 19. f3 Qe6 20. e4 Qe7 21.
e5 Ne8 22. f4 Rxd1 23. Rxd1 Rd8 24. a4 Nc7 25. f5 Rxd1+ 26. Qxd1 g6 27. Qd6 Qg5
28. e6 fxe6 29. h3 Qe3+ 30. Kh1 gxf5 31. Qd8+ Kf7 32. Qxc7+ Ke8 33. Bf6 1-0

[Event "25th European Teams Women"]
[Site "Batumi GEO"]
[Date "2025.10.10"]
[Round "6.9"]
[Board "2"]
[White "Klinova, Masha"]
[Black "Manko, Mariia"]
[Result "1/2-1/2"]
[WhiteTitle "IM"]
[BlackTitle "WIM"]
[WhiteElo "2235"]
[BlackElo "2298"]
[WhiteTeam "Israel"]
[BlackTeam "Switzerland"]
[WhiteFideId "2802015"]
[BlackFideId "14199220"]
[EventDate "2025.10.05"]

1. e4 c5 2. Nf3 Nc6 3. Bb5 g6 4. Bxc6 bxc6 5. O-O Bg7 6. Re1 Qc7 7. d3 e5 8. c3
Nf6 9. d4 cxd4 10. cxd4 exd4 11. Qxd4 c5 12. Qc4 Bb7 13. Nc3 O-O 14. Bg5 d6 15.
Rad1 a6 16. b3 Rfe8 17. Bxf6 Bxf6 18. Nd5 Bxd5 19. Rxd5 Qb6 20. g3 Re6 21. Qd3
a5 22. Rd1 Ra6 23. a4 Qb7 24. h4 Rb6 25. Nd2 h5 26. Nc4 Rxb3 27. Nxa5 Rxd3 28.
Nxb7 Rxd1+ 29. Rxd1 Rxe4 30. Rxd6 Rb4 31. Rxf6 Rxb7 32. Rc6 Ra7 1/2-1/2

[Event "25th European Teams Women"]
[Site "Batumi GEO"]
[Date "2025.10.10"]
[Round "6.9"]
[Board "3"]
[White "Hryzlova, Sofiia"]
[Black "Orian, Noga"]
[Result "0-1"]
[WhiteTitle "WIM"]
[BlackTitle "WIM"]
[WhiteElo "2309"]
[BlackElo "2235"]
[WhiteTeam "Switzerland"]
[BlackTeam "Israel"]
[WhiteFideId "14174669"]
[BlackFideId "2836475"]
[EventDate "2025.10.05"]

1. Nf3 d5 2. e3 c5 3. c4 d4 4. b4 g5 5. Bb2 Bg7 6. bxc5 e5 7. exd4 exd4 8. Bd3
Be6 9. Qb3 Nc6 10. Na3 g4 11. Ng1 Qe7 12. Ne2 a6 13. O-O Qxc5 14. Nf4 Na5 15.
Qd1 Nf6 16. Qe2 Kd7 17. Nxe6 fxe6 18. Nc2 Nc6 19. Rfe1 Rhe8 20. Rab1 Kc7 21. Ba3
Qg5 22. Rb3 Rab8 23. Reb1 Nd7 24. Be4 Nde5 25. Bc5 d3 26. Bb6+ Kc8 27. Qe3 Bh6
28. Qxg5 Bxg5 29. Ne3 Bd8 30. Bxd8 Rxd8 31. Nxg4 Rd7 32. Nxe5 Nxe5 33. c5 Rc7
34. c6 Nxc6 35. Rxd3 Rd7 36. Rxd7 Kxd7 37. Bxh7 b5 38. Be4 Nd4 39. g3 b4 40. h4
a5 41. h5 Kd6 42. f3 a4 43. Kf2 a3 44. h6 b3 45. axb3 Nxb3 46. h7 a2 47. Rxb3
a1=Q 48. Rxb8 Qa7+ 49. Ke2 Qxb8 50. g4 Qb5+ 51. Kd1 Qe5 52. Kc2 Qg7 53. g5 Ke5
54. g6 Kf4 55. Kd1 Kg3 56. Ke2 Qd4 57. Bc6 Qc4+ 58. Ke3 Qf4+ 59. Ke2 Qd4 60. Be4
Kg2 61. Bc6 Kg1 62. Be4 Kh2 63. Bc6 Kg3 64. Be4 Kh4 65. Bc6 Kg5 66. Be4 Qa1 67.
Ke3 Kh6 68. Ke2 Kg7 69. Ke3 Kf8 70. Kf4 Qd4 71. Kg5 Kg7 72. d3 Qe5+ 73. Kg4 Qh2
74. f4 Qf2 75. f5 exf5+ 76. Bxf5 Qh2 77. Be4 Kf6 78. Kf3 Ke5 79. Kg4 Qf4+ 80.
Kh3 Qf6 81. Kg4 Kd4 82. Bf5 Ke3 83. Be4 Qe5 84. Kh3 Qh5+ 85. Kg2 Qg4+ 86. Kh2
Kf2 0-1

[Event "25th European Teams Women"]
[Site "Batumi GEO"]
[Date "2025.10.10"]
[Round "6.9"]
[Board "4"]
[White "Kochavi, Dana"]
[Black "Shatil, Or"]
[Result "0-1"]
[WhiteTitle "FM"]
[BlackTitle "WIM"]
[WhiteElo "2168"]
[BlackElo "2184"]
[WhiteTeam "Israel"]
[BlackTeam "Switzerland"]
[WhiteFideId "2837137"]
[BlackFideId "2842475"]
[EventDate "2025.10.05"]

1. e4 c6 2. d4 d5 3. e5 Bf5 4. h4 h5 5. Bd3 Bxd3 6. Qxd3 Qa5+ 7. Nd2 e6 8. Nf3
Ne7 9. O-O Nf5 10. Nb3 Qa6 11. Qd1 b6 12. a4 c5 13. a5 c4 14. axb6 Qxb6 15. Nbd2
Nc6 16. b3 c3 17. Nb1 Ncxd4 18. Nxc3 Rc8 19. Bb2 Nxf3+ 20. Qxf3 Nxh4 21. Qh3 Ng6
22. Nxd5 Qb7 23. c4 Bc5 24. b4 O-O 25. Ba3 Bd4 26. Ne3 Nf4 27. Qf3 Qxf3 28. gxf3
Bxa1 29. Rxa1 Rfd8 30. b5 Rd2 31. Bb4 Nh3+ 32. Kg2 Rxf2+ 33. Kg3 Re2 34. Ra3 Ng1
35. Be7 Rb2 36. Rxa7 Ne2+ 37. Kf2 Nd4+ 38. Kg3 Rb3 39. Rd7 Nxb5 40. cxb5 Rxe3
41. b6 Rb3 42. Rc7 Rxc7 43. bxc7 Rc3 44. Bd6 Rc4 45. f4 Kh7 46. Kh4 Kg6 47. Kg3
Kf5 48. Kh4 g6 49. Be7 Rxc7 50. Bg5 Rc3 51. Bh6 Rf3 0-1

[Event "25th European Teams Women"]
[Site "Batumi GEO"]
[Date "2025.10.10"]
[Round "6.10"]
[Board "1"]
[White "Atalik, Ekaterina"]
[Black "Pogorelskikh, Sofia"]
[Result "0-1"]
[WhiteTitle "IM"]
[BlackTitle "WIM"]
[WhiteElo "2357"]
[BlackElo "2289"]
[WhiteTeam "Turkiye"]
[BlackTeam "Serbia"]
[WhiteFideId "4130189"]
[BlackFideId "44164548"]
[EventDate "2025.10.05"]

1. d4 d5 2. c4 c6 3. Nf3 Nf6 4. Nc3 e6 5. e3 Nbd7 6. Qc2 Bd6 7. Bd3 O-O 8. O-O
dxc4 9. Bxc4 a6 10. a3 b5 11. Bd3 Qc7 12. b4 a5 13. Rb1 axb4 14. axb4 h6 15. e4
e5 16. dxe5 Nxe5 17. Nxe5 Bxe5 18. f4 Bd4+ 19. Kh1 Qb6 20. e5 Ng4 21. Ne4 Be6
22. h3 Ra2 23. Qd1 Nf2+ 24. Nxf2 Bxf2 25. Rb2 Rxb2 26. Bxb2 Rd8 27. Qe2 Qe3 28.
Rxf2 Qxd3 29. Qxd3 Rxd3 30. Rc2 Rb3 31. Bc3 Bf5 32. Rc1 Be4 33. Kh2 h5 34. g4 h4
35. Kg1 Ra3 36. Kf2 Ra2+ 37. Ke3 Bd5 38. f5 Rh2 39. Kf4 Rxh3 40. Kg5 Rh2 41. Re1
h3 42. e6 fxe6 43. fxe6 Kf8 44. Re3 Rh1 45. e7+ Ke8 46. Kh4 h2 47. Kh3 g5 48.
Kg3 Rg1+ 49. Kh3 0-1

[Event "25th European Teams Women"]
[Site "Batumi GEO"]
[Date "2025.10.10"]
[Round "6.10"]
[Board "2"]
[White "Velikic, Adela"]
[Black "Caglar, Sila"]
[Result "0-1"]
[WhiteTitle "WIM"]
[BlackTitle "WIM"]
[WhiteElo "2261"]
[BlackElo "2304"]
[WhiteTeam "Serbia"]
[BlackTeam "Turkiye"]
[WhiteFideId "913553"]
[BlackFideId "6364063"]
[EventDate "2025.10.05"]

1. d4 d5 2. c4 e6 3. Nc3 h6 4. Bf4 Nf6 5. c5 Ne4 6. Rc1 Nc6 7. Nf3 Bd7 8. Ne5 g5
9. Nxc6 Bxc6 10. Be5 f6 11. Bg3 Nxg3 12. hxg3 Bg7 13. e3 O-O 14. b4 a6 15. Bd3
Be8 16. g4 c6 17. Bb1 f5 18. gxf5 exf5 19. Ne2 Bg6 20. Qd3 Rf6 21. Qb3 Qe7 22.
g3 Re8 23. Rc3 Qf7 24. f4 Bh5 25. Ng1 Rfe6 26. Kd2 gxf4 27. gxf4 Qg6 28. Kc1 Qg2
29. Rxh5 Rxe3 30. Rxe3 Qxg1+ 31. Qd1 Qxe3+ 32. Qd2 Bxd4 33. Qxe3 Bxe3+ 34. Kd1
Bxf4 35. Rxf5 Bg5 36. a4 Re3 37. Bc2 Kg7 38. Rf1 d4 39. Re1 Rc3 40. Bf5 d3 0-1

[Event "25th European Teams Women"]
[Site "Batumi GEO"]
[Date "2025.10.10"]
[Round "6.10"]
[Board "3"]
[White "Aydin, Gulenay"]
[Black "Mehmed, Elif"]
[Result "1-0"]
[WhiteTitle "WIM"]
[BlackTitle "WGM"]
[WhiteElo "2237"]
[BlackElo "2295"]
[WhiteTeam "Turkiye"]
[BlackTeam "Serbia"]
[WhiteFideId "34557431"]
[BlackFideId "2921103"]
[EventDate "2025.10.05"]

1. e4 e6 2. d4 d5 3. Nd2 c5 4. exd5 Qxd5 5. dxc5 Qxc5 6. Ngf3 Nf6 7. Bd3 Nbd7 8.
O-O Qc7 9. a4 Be7 10. a5 O-O 11. Nb3 e5 12. Re1 Bd6 13. Ra4 Re8 14. Bg5 h6 15.
Bh4 Qb8 16. Nfd2 b5 17. axb6 Nxb6 18. Ra5 g5 19. Bg3 Bb7 20. Nc5 Bxc5 21. Rxc5
Nbd7 22. Rc3 Nd5 23. Ra3 Nc5 24. Bf5 Nf4 25. b4 Nce6 26. Ne4 Rd8 27. Qg4 h5 28.
Nf6+ Kf8 29. Nxh5 Nxg2 30. Bxe5 Rd4 31. Qxg2 Qc8 32. Bxe6 fxe6 33. Qxg5 Qc6 34.
Qg7+ Ke8 35. Nf6+ 1-0

[Event "25th European Teams Women"]
[Site "Batumi GEO"]
[Date "2025.10.10"]
[Round "6.10"]
[Board "4"]
[White "Srdanovic, Jovana"]
[Black "Tirpan, Ceren"]
[Result "0-1"]
[WhiteTitle "WIM"]
[BlackTitle "WFM"]
[WhiteElo "2198"]
[BlackElo "2195"]
[WhiteTeam "Serbia"]
[BlackTeam "Turkiye"]
[WhiteFideId "954810"]
[BlackFideId "26385309"]
[EventDate "2025.10.05"]

1. d4 Nf6 2. c4 g6 3. Nc3 d5 4. cxd5 Nxd5 5. e4 Nxc3 6. bxc3 Bg7 7. Nf3 c5 8.
Bb5+ Nc6 9. O-O O-O 10. Bxc6 bxc6 11. Qc2 Qa5 12. Be3 Rd8 13. h3 Ba6 14. Rfd1
Rab8 15. e5 c4 16. Rab1 Qd5 17. Bg5 Bf8 18. Qe2 Rb6 19. Qe3 Bc8 20. Bh6 Bf5 21.
Rbc1 Bg7 22. Bxg7 Kxg7 23. Rd2 a5 24. Nh4 Bd3 25. f4 Qe4 26. Qf2 Rdb8 27. Kh2
Rb1 28. Rxb1 Rxb1 29. f5 Rf1 30. f6+ exf6 31. exf6+ Kg8 32. Rb2 h6 33. Rb8+ Kh7
34. Qg3 Rxf6 35. Nf3 g5 36. Ra8 Rf5 37. Qb8 Qf4+ 38. Qxf4 gxf4 39. Ne5 Be4 40.
h4 c5 41. Rc8 cxd4 42. cxd4 Rh5 43. Rxc4 Rxh4+ 44. Kg1 Rh5 45. Kf2 Rg5 46. Nf3
Rb5 47. a3 Rb2+ 48. Kg1 Rb1+ 49. Kh2 Bxf3 50. gxf3 Rb3 51. Ra4 Rxf3 52. Rxa5 Kg6
53. a4 f5 54. Ra8 Rf2+ 55. Kh3 Rd2 56. Rd8 Kg5 57. a5 f3 58. Kg3 f2 59. Rg8+ Kf6
60. Kg2 Rxd4 61. Kxf2 Ra4 62. Ra8 Kg5 63. a6 Kf4 64. a7 Ra2+ 65. Kf1 Kf3 66. Kg1
f4 67. Kh1 h5 68. Kg1 h4 69. Rb8 Rxa7 70. Rb3+ Kg4 71. Rb2 h3 72. Kh2 Re7 73.
Ra2 Re4 74. Ra8 Re2+ 75. Kg1 Rb2 76. Rc8 Kg3 77. Rg8+ Kf3 78. Ra8 h2+ 79. Kh1
Kf2 80. Rf8 Rb1+ 81. Kxh2 f3 82. Rf7 Rb8 83. Kh3 Rh8+ 84. Kg4 Kg2 85. Ra7 f2 0-1

[Event "25th European Teams Women"]
[Site "Batumi GEO"]
[Date "2025.10.10"]
[Round "6.11"]
[Board "1"]
[White "Unuk, Laura"]
[Black "Badelka, Olga"]
[Result "0-1"]
[WhiteTitle "IM"]
[BlackTitle "IM"]
[WhiteElo "2317"]
[BlackElo "2377"]
[WhiteTeam "Slovenia"]
[BlackTeam "Austria"]
[WhiteFideId "14609215"]
[BlackFideId "13509926"]
[EventDate "2025.10.05"]

1. d4 Nf6 2. c4 g6 3. Nf3 Bg7 4. g3 O-O 5. Bg2 d6 6. Nc3 Nc6 7. d5 Na5 8. b3 c5
9. Bb2 a6 10. O-O Rb8 11. Nd2 b5 12. Qc1 Re8 13. Re1 e5 14. dxe6 Bxe6 15. Nce4
Bf5 16. Nxf6+ Bxf6 17. Bxf6 Qxf6 18. g4 Bxg4 19. Ne4 Qe5 20. Qd2 Nb7 21. Rad1
Be6 22. Qh6 bxc4 23. f4 Qg7 24. Qh4 Kh8 25. Nf6 Rec8 26. bxc4 h6 27. e4 Na5 28.
Rxd6 Nxc4 29. Rxa6 g5 30. fxg5 Qxg5 31. Qxg5 hxg5 32. e5 Nd2 33. Re3 c4 34. Raa3
Rb1+ 35. Kf2 Rb2 36. Kg1 g4 37. Rac3 Nb1 38. Rc1 c3 39. h3 c2 40. Be4 gxh3 41.
Kh2 Nd2 42. Re2 Rb1 43. Ree1 Rb4 44. Kg3 Nxe4+ 45. Nxe4 Rg8+ 46. Kf3 Rg2 47. Nf6
Bf5 48. Rh1 Rb1 49. a4 Rxc1 50. Rxc1 Rd2 51. Rg1 Bh7 52. Rh1 Kg7 53. Nh5+ Kf8
54. Nf6 Rd1 55. Nxh7+ Ke7 0-1

[Event "25th European Teams Women"]
[Site "Batumi GEO"]
[Date "2025.10.10"]
[Round "6.11"]
[Board "2"]
[White "Schloffer, Jasmin-Denise"]
[Black "Urh, Zala"]
[Result "1/2-1/2"]
[WhiteTitle "WIM"]
[BlackTitle "WIM"]
[WhiteElo "2186"]
[BlackElo "2252"]
[WhiteTeam "Austria"]
[BlackTeam "Slovenia"]
[WhiteFideId "1631209"]
[BlackFideId "14611481"]
[EventDate "2025.10.05"]

1. d4 Nf6 2. c4 e6 3. Nc3 Bb4 4. e3 O-O 5. Bd3 d5 6. cxd5 exd5 7. a3 Bd6 8. Qc2
c6 9. Nge2 Nbd7 10. Bd2 Re8 11. f3 c5 12. h4 Rb8 13. h5 h6 14. g4 Nf8 15. O-O-O
c4 16. Bf5 b5 17. e4 dxe4 18. fxe4 N6h7 19. Rhf1 a5 20. e5 Be7 21. Bxc8 Qxc8 22.
Qf5 Ng5 23. Nd5 Bd8 24. Qxc8 Rxc8 25. Ng3 Nfe6 26. Nf5 Ne4 27. Be3 Rb8 28. Nc3
Nxc3 29. bxc3 Bg5 30. Bxg5 hxg5 31. Nd6 Re7 32. Ne4 Nf4 33. Nxg5 Nd5 34. Kd2 f6
35. Nf3 b4 36. cxb4 axb4 37. axb4 c3+ 38. Kd3 c2 39. Rc1 Nxb4+ 40. Kd2 fxe5 41.
Nxe5 Rd8 42. Nf3 Re4 43. g5 Rg4 44. Rfe1 Rf8 45. Re3 Rg2+ 46. Re2 Rg3 47. Ne1
Rxg5 1/2-1/2

[Event "25th European Teams Women"]
[Site "Batumi GEO"]
[Date "2025.10.10"]
[Round "6.11"]
[Board "3"]
[White "Shpanko, Nadiia"]
[Black "Exler, Veronika"]
[Result "1-0"]
[WhiteTitle "WIM"]
[BlackTitle "WIM"]
[WhiteElo "2174"]
[BlackElo "2180"]
[WhiteTeam "Slovenia"]
[BlackTeam "Austria"]
[WhiteFideId "14132400"]
[BlackFideId "1620550"]
[EventDate "2025.10.05"]

1. e4 c6 2. d4 d5 3. Nc3 dxe4 4. Nxe4 Bf5 5. Ng3 Bg6 6. h4 h6 7. Be3 Nf6 8. Bd3
Bxd3 9. Qxd3 Qa5+ 10. c3 e6 11. N1e2 Be7 12. Ne4 Nbd7 13. Nxf6+ Nxf6 14. Bd2 Qd5
15. Nf4 Qe4+ 16. Qxe4 Nxe4 17. Be3 Nd6 18. g3 Nf5 19. Bc1 O-O-O 20. Nd3 Bd6 21.
g4 Ne7 22. h5 Nd5 23. Bd2 Rhe8 24. O-O-O e5 25. c4 Nf6 26. g5 Ng8 27. Be3 e4 28.
Ne1 hxg5 29. Bxg5 f6 30. Be3 Ne7 31. Ng2 Nf5 32. Nh4 Nxh4 33. Rxh4 Re7 34. Rg1
Bc7 35. Rg6 Bb6 36. c5 Bc7 37. h6 gxh6 38. Rxf6 Rg8 39. Rhxh6 Rg1+ 40. Kc2 Kd7
41. b4 a6 42. Kb2 Re1 43. Rh4 Rg1 44. Rfh6 Rgg7 45. a4 b6 46. cxb6 Bxb6 47. b5
axb5 48. axb5 Re6 49. Rxe6 Kxe6 50. d5+ Kxd5 51. Rh5+ Kc4 52. Bxb6 cxb5 53. Rc5+
Kb4 54. Rd5 1-0

[Event "25th European Teams Women"]
[Site "Batumi GEO"]
[Date "2025.10.10"]
[Round "6.11"]
[Board "4"]
[White "Deak-Sala, Emilia"]
[Black "Vidic, Teja"]
[Result "1/2-1/2"]
[WhiteTitle "WFM"]
[BlackTitle "WIM"]
[WhiteElo "2170"]
[BlackElo "2119"]
[WhiteTeam "Austria"]
[BlackTeam "Slovenia"]
[WhiteFideId "795615"]
[BlackFideId "14605511"]
[EventDate "2025.10.05"]

1. e4 e5 2. Nf3 Nc6 3. Bc4 Nf6 4. d3 d5 5. exd5 Nxd5 6. O-O Nb6 7. Bb5 Bd6 8.
Bxc6+ bxc6 9. Nxe5 Bxe5 10. Re1 Qe7 11. Kh1 O-O 12. f4 f6 13. fxe5 fxe5 14. Be3
c5 15. Nc3 Bb7 16. Ne4 Nd7 17. b3 Rf5 18. Qg4 Raf8 19. Kg1 Qe6 20. Qh4 Qf7 21.
Ng5 Qg6 22. Rf1 Nb6 23. Rxf5 Rxf5 24. Rf1 Nd5 25. Rxf5 Qxf5 26. Qf2 Nf4 27. Bxf4
exf4 28. Nf3 Bxf3 29. Qxf3 Qe5 30. h3 h6 31. Kf2 Qd4+ 32. Ke2 Kf7 33. Kd2 g5 34.
Qh5+ Kg7 35. Qe2 Kf6 36. Qf3 Kf5 37. Qg4+ Kf6 38. Qf3 Kf5 39. Qg4+ Kf6 1/2-1/2

[Event "25th European Teams Women"]
[Site "Batumi GEO"]
[Date "2025.10.10"]
[Round "6.12"]
[Board "1"]
[White "Muetsch, Annmarie"]
[Black "Sedina, Elena"]
[Result "0-1"]
[WhiteTitle "WIM"]
[BlackTitle "IM"]
[WhiteElo "2264"]
[BlackElo "2233"]
[WhiteTeam "Belgium"]
[BlackTeam "Italy"]
[WhiteFideId "12971367"]
[BlackFideId "812153"]
[EventDate "2025.10.05"]

1. e4 e6 2. d4 d5 3. Nd2 a6 4. Ngf3 c5 5. dxc5 Bxc5 6. Bd3 Nc6 7. c3 Nf6 8. O-O
O-O 9. e5 Nd7 10. Nb3 Bb6 11. Bxh7+ Kxh7 12. Ng5+ Kg6 13. Qd3+ f5 14. Nxe6 Qh4
15. Qxd5 Rh8 16. Nf4+ Kh7 17. Nd4 Ndxe5 18. Nxc6 Nxc6 19. Nh3 Bd8 20. Bf4 Bf6
21. Rad1 Re8 22. Rfe1 Qh5 23. f3 Rxe1+ 24. Rxe1 Ne7 25. Qd2 Qf7 26. Bg5 Qd5 27.
Qf2 Ng6 28. Nf4 Nxf4 29. Bxf6 gxf6 30. Qh4+ Kg6 31. Qxf4 Be6 32. Qg3+ Kf7 33.
Qh4 Rg8 34. Qh5+ Ke7 35. Qh7+ Kd6 36. Qh4 Kc7 37. Qf4+ Kc8 38. h4 Qc5+ 39. Re3
Rh8 40. Kf2 Rd8 41. Kg3 Rg8+ 42. Kh2 Qd5 43. Re2 Rh8 44. c4 Qxc4 45. Qxc4+ Bxc4
46. Rc2 Rxh4+ 47. Kg3 Rd4 48. b3 b5 49. bxc4 bxc4 50. Kf2 f4 51. g3 fxg3+ 52.
Ke3 Rh4 53. f4 Rg4 54. Rxc4+ Kd7 55. Rc1 g2 56. Kf2 Kd6 57. Kg1 Rxf4 58. Kxg2
Kd5 59. Kg3 Ra4 60. Rc2 Ke5 61. Kf3 Ra3+ 62. Kf2 f5 63. Rc5+ Ke4 64. Rc2 Kd3 65.
Re2 Kd4 66. Rb2 a5 67. Rd2+ Rd3 68. Rb2 Ra3 69. Rd2+ Ke4 70. Re2+ Kf4 71. Rc2
Kg4 72. Rc4+ f4 73. Rc2 Rh3 74. Kg1 Rd3 75. Kg2 a4 76. Kf2 a3 77. Ke2 Rh3 0-1

[Event "25th European Teams Women"]
[Site "Batumi GEO"]
[Date "2025.10.10"]
[Round "6.12"]
[Board "2"]
[White "Zimina, Olga"]
[Black "Vanduyfhuys, Daria"]
[Result "1/2-1/2"]
[WhiteTitle "IM"]
[BlackTitle "WFM"]
[WhiteElo "2274"]
[BlackElo "2094"]
[WhiteTeam "Italy"]
[BlackTeam "Belgium"]
[WhiteFideId "4132190"]
[BlackFideId "246336"]
[EventDate "2025.10.05"]

1. d4 Nf6 2. Nf3 e6 3. g3 d5 4. Bg2 Bd6 5. c4 b6 6. O-O O-O 7. Nc3 Bb7 8. cxd5
exd5 9. Bg5 Nbd7 10. Nb5 Be7 11. Bf4 Ne8 12. Rc1 c6 13. Nc3 Nd6 14. Ne5 Nxe5 15.
dxe5 Ne8 16. Qd2 Nc7 17. g4 Ne6 18. Bg3 f6 19. exf6 Bxf6 20. b4 Qd7 21. b5 Bxc3
22. Rxc3 c5 23. Re3 Nf4 24. Bxf4 Rxf4 25. Re7 Qxe7 26. Qxf4 d4 27. Bxb7 Qxb7 28.
e3 Rf8 29. Qd6 Qe4 30. exd4 Qxg4+ 31. Qg3 Qxd4 32. Re1 h5 33. Re7 h4 34. Qe3
Qd1+ 35. Kg2 Qg4+ 36. Kf1 Rd8 37. Re8+ Rxe8 38. Qxe8+ Kh7 39. a4 h3 40. Ke1 Qb4+
41. Ke2 Qc4+ 42. Ke3 Qc3+ 43. Ke2 Qc2+ 44. Ke3 Qf5 45. Qe7 Qf6 46. Qe8 Qd4+ 47.
Ke2 Qg4+ 48. Ke3 c4 49. Qe5 Kh6 50. f4 Qg1+ 51. Kf3 Qg2+ 52. Ke3 c3 53. Qe6+ g6
54. Qe5 Qd2+ 55. Kf3 Qg2+ 56. Ke3 Qd2+ 57. Kf3 Qg2+ 1/2-1/2

[Event "25th European Teams Women"]
[Site "Batumi GEO"]
[Date "2025.10.10"]
[Round "6.12"]
[Board "3"]
[White "Goossens, Hanne"]
[Black "Gueci, Tea"]
[Result "0-1"]
[WhiteTitle "WIM"]
[BlackTitle "WIM"]
[WhiteElo "2091"]
[BlackElo "2175"]
[WhiteTeam "Belgium"]
[BlackTeam "Italy"]
[WhiteFideId "200468"]
[BlackFideId "872342"]
[EventDate "2025.10.05"]

1. e4 c5 2. c3 d5 3. exd5 Qxd5 4. d4 g6 5. Nf3 Bg7 6. Nbd2 cxd4 7. Bc4 Qd8 8.
Nb3 Qc7 9. Bb5+ Bd7 10. Bxd7+ Nxd7 11. Nbxd4 Ngf6 12. O-O O-O 13. Re1 e5 14. Nb5
Qc6 15. Qe2 a6 16. Na3 Rac8 17. Bd2 Rfe8 18. Rad1 e4 19. Nd4 Qc7 20. Be3 Nc5 21.
Nb3 Nd3 22. Rf1 Nd5 23. Bd4 Bxd4 24. Nxd4 Re5 25. g3 f5 26. c4 N5b4 27. b3 f4
28. gxf4 Nxf4 29. Qg4 Rg5 0-1

[Event "25th European Teams Women"]
[Site "Batumi GEO"]
[Date "2025.10.10"]
[Round "6.12"]
[Board "4"]
[White "Zito, Enrica"]
[Black "Vanhuyse, Nele"]
[Result "1-0"]
[WhiteTitle "WFM"]
[BlackTitle "WFM"]
[WhiteElo "2045"]
[BlackElo "2020"]
[WhiteTeam "Italy"]
[BlackTeam "Belgium"]
[WhiteFideId "2864083"]
[BlackFideId "228818"]
[EventDate "2025.10.05"]

1. e4 c5 2. Nf3 d6 3. d4 cxd4 4. Nxd4 Nf6 5. Nc3 Nc6 6. Bg5 e6 7. Qd3 a6 8.
O-O-O Bd7 9. f4 h6 10. Bh4 g5 11. fxg5 Ng4 12. Kb1 hxg5 13. Bg3 Nge5 14. Nxc6
Bxc6 15. Bxe5 dxe5 16. Qe3 Qf6 17. Bc4 Be7 18. Rhf1 Qg6 19. Nd5 Bd8 20. Nc3 Bf6
21. Qc5 Qg7 22. Nd5 exd5 23. exd5 Bd7 24. Qb6 Rc8 25. Rxf6 Rxc4 26. Qd6 Qh7 27.
Qxe5+ Kd8 28. Rf2 Kc8 29. b3 Re4 30. Qxg5 Qxh2 31. d6 Qe5 32. Qd2 f5 33. Rf3 Kb8
34. Rd3 Re2 35. Qb4 Rxg2 36. Rc3 Rg4 37. Rc4 Rxc4 38. Qxc4 Rc8 39. Qf7 Qe2 40.
Rc1 Qe6 41. Qxe6 Bxe6 42. Re1 Bd5 43. Kb2 b5 44. Re5 Be4 45. c4 bxc4 46. bxc4
Kb7 47. Kc3 Kc6 48. c5 Rb8 49. a3 Rb1 50. Re8 Rb7 51. Kd4 Rd7 52. Rb8 Rb7 53.
Ra8 Kb5 54. Rc8 Rd7 55. Rb8+ Bb7 56. a4+ Kxa4 57. Rxb7 Rxb7 58. c6 Rb6 59. Kc5
Rb5+ 60. Kc4 Rb6 61. c7 Rxd6 62. c8=Q Rb6 63. Qxf5 Rb4+ 64. Kc3 Rb3+ 65. Kc2 a5
66. Qd7+ Ka3 67. Qd6+ Ka4 68. Qc6+ Ka3 69. Qc5+ Ka4 70. Qd5 Rb4 71. Kc3 Rb6 72.
Qa2+ Kb5 73. Qc4# 1-0